Schvalování výrobků státními zkušebnami Teoretické a praktické problémy
Salvato in:
| Autore principale: | |
|---|---|
| Altri autori: | |
| Natura: | Libro |
| Lingua: | ceco |
| Pubblicazione: |
Praha
Dům techn. ČSVTS
1988
|
| Edizione: | 1. vyd. |
| Serie: | Právo a řízení jakosti
11 sešit |
| Tags: |
Nessun Tag, puoi essere il primo ad aggiungerne!!
|
MARC
| LEADER | 00000nam a2200000 4500 | ||
|---|---|---|---|
| 001 | c025237 | ||
| 005 | 20221219085725.1 | ||
| 041 | 0 | |a cze | |
| 044 | |a CZ | ||
| 245 | 1 | 0 | |a Schvalování výrobků státními zkušebnami |b Teoretické a praktické problémy |c Jaroslav Petřina, Jiří Hladík |
| 250 | |a 1. vyd. | ||
| 264 | 1 | |a Praha |b Dům techn. ČSVTS |c 1988 | |
| 300 | |a 143 s. | ||
| 490 | 1 | |a Právo a řízení jakosti |v 11 sešit | |
| 830 | 0 | |a Právo a řízení jakosti |v 11 sešit | |
| 100 | 1 | |a Petřina, Jaroslav | |
| 700 | 1 | |a Hladík, Jiří | |